| 000 | 01005nam a2200205Ia 4500 | ||
|---|---|---|---|
| 008 | 0000001999 pr a 0000000000spa00 | ||
| 090 | _aPPR00 M17a | ||
| 100 | 1 |
_aMartorell, Antonio _d1939 |
|
| 245 | 1 | 0 |
_aAntonio Martorell _b: cuadros para detras del sofa y ... _c/ fotografías Johnny Betancourt ; museografía Humberto Figueroa, Antonio Alvelo, Eric Lluch |
| 300 |
_a[32] p. _c/ 23 cm. |
||
| 500 | _aExposición realizada en el Museo de las Américas, San Juan de Puerto Rico, Septiembre 7 Octubre 30, 1999 \ Con el patronazgo del maestro venezolano Jesús Rafael Soto (q.e.p.d.) | ||
| 600 | 0 | 0 |
_aMARTORELL, ANTONIO, 1939/ _xTRABAJOS PICTORICOS |
| 650 | 1 | 4 | _aARTE CONTEMPORANEO PUERTORRIQUEÑO |
| 650 | 1 | 4 | _xCATALOGOS |
| 650 | 1 | 4 | _xEXPOSICIONES |
| 650 | 1 | 4 | _aPINTORES PUERTORRIQUEÑOS |
| 650 | 1 | 4 | _aPINTURA PUERTORRIQUEÑA |
| 700 | 1 | _aBetancourt, Johnny \ Figueroa, Humberto \ Avelo, Antonio \ Lluch, Eric | |
| 999 |
_c2730 _d2730 |
||
| 260 |
_aSan Juan (Puerto Rico) : Museo de las Américas _c1999 |
||